Southville International School and Colleges
Your cart is empty.
  • Cart
  • Lists
    Public lists Eva Luna New books Lux_list list_1
    Your lists Log in to create your own lists
  • Log in to your account
  • Your cookies
  • Search history
Southville International School and Colleges
  • Advanced search
  • Recent comments
  • Most popular
  • Libraries

Log in to your account

Log in with GOOGLE


If you do not have an external account, but do have a local account, you can still log in:

  1. Home
  2. MARC view: Ponies at the point /
Normal view MARC view ISBD view

Ponies at the point / (Record no. 34819)

[ view plain ]
MARC details
000 -LEADER
fixed length control field 01266cam a22003973a 4500
001 - CONTROL NUMBER
control field 15368881
003 - CONTROL NUMBER IDENTIFIER
control field OSt
005 - DATE AND TIME OF LATEST TRANSACTION
control field 20140410092636.0
008 - FIXED-LENGTH DATA ELEMENTS--GENERAL INFORMATION
fixed length control field 980505t19981994nyua j 000 1 eng d
010 ## - LIBRARY OF CONGRESS CONTROL NUMBER
LC control number 2008576982
020 ## - INTERNATIONAL STANDARD BOOK NUMBER
International Standard Book Number 0590662317
Terms of availability $3.99
020 ## - INTERNATIONAL STANDARD BOOK NUMBER
International Standard Book Number 0590662317
035 ## - SYSTEM CONTROL NUMBER
System control number (OCoLC)ocm39061651
035 ## - SYSTEM CONTROL NUMBER
System control number (OCoLC)39061651
040 ## - CATALOGING SOURCE
Original cataloging agency EOW
Transcribing agency EOW
Modifying agency OCL
-- BAKER
-- BTCTA
-- DLC
042 ## - AUTHENTICATION CODE
Authentication code lccopycat
050 00 - LIBRARY OF CONGRESS CALL NUMBER
Classification number PZ 7
Item number .B146 1998
100 1# - MAIN ENTRY--PERSONAL NAME
Personal name Baglio, Ben M.
9 (RLIN) 5246
245 10 - TITLE STATEMENT
Title Ponies at the point /
Statement of responsibility, etc Ben M. Baglio ; illustrations by Shelagh McNicholas ; [cover illustration by Peter Mueller].
260 ## - PUBLICATION, DISTRIBUTION, ETC. (IMPRINT)
Place of publication, distribution, etc New York :
Name of publisher, distributor, etc Scholastic,
Date of publication, distribution, etc 1998.
300 ## - PHYSICAL DESCRIPTION
Extent 136 p. :
Other physical details ill. ;
Dimensions 20 cm.
440 #0 - SERIES STATEMENT/ADDED ENTRY--TITLE
Title Animal Ark ;
Volume number/sequential designation 2
9 (RLIN) 28894
490 0# - SERIES STATEMENT
Series statement A working partners book
490 0# - SERIES STATEMENT
Series statement Ben M. Baglio's Animal Ark
521 ## - TARGET AUDIENCE NOTE
Target audience note
526 ## - STUDY PROGRAM INFORMATION NOTE
Reading level 720
650 #0 - SUBJECT ADDED ENTRY--TOPICAL TERM
Topical term or geographic name as entry element Animals
Form subdivision Fiction.
9 (RLIN) 28895
650 #0 - SUBJECT ADDED ENTRY--TOPICAL TERM
Topical term or geographic name as entry element Horses
Form subdivision Fiction.
9 (RLIN) 28896
650 #0 - SUBJECT ADDED ENTRY--TOPICAL TERM
Topical term or geographic name as entry element Veterinarians
Form subdivision Fiction.
9 (RLIN) 28897
655 #7 - INDEX TERM--GENRE/FORM
Genre/form data or focus term Children's stories.
Source of term lcsh
9 (RLIN) 3012
710 2# - ADDED ENTRY--CORPORATE NAME
Corporate name or jurisdiction name as entry element Copyright Paperback Collection (Library of Congress)
Institution to which field applies DLC
9 (RLIN) 705
906 ## - LOCAL DATA ELEMENT F, LDF (RLIN)
a 7
b cbc
c copycat
d 2
e ncip
f 20
g y-genrareb
942 ## - ADDED ENTRY ELEMENTS (KOHA)
Source of classification or shelving scheme Library of Congress Classification
Koha item type Books
Holdings
Withdrawn status Lost status Source of classification or shelving scheme Damaged status Home library Current library Shelving location Date acquired Total Checkouts Full call number Barcode Date last seen Copy number Price effective from Koha item type
    Library of Congress Classification   Luxembourg Library Luxembourg Library Scholastic Reading Center Section 10/12/2013   PZ 7 .B146 1998 LEX1012 04/18/2017 1 10/12/2013 Books

Ponies at the point /

APA

Baglio B. M., Copyright Paperback Collection (Library of Congress), . (1998). Ponies at the point. New York: Scholastic.

Chicago

Baglio Ben M, Copyright Paperback Collection (Library of Congress), . 1998. Ponies at the point. New York: Scholastic.

Harvard

Baglio B. M., Copyright Paperback Collection (Library of Congress), . (1998). Ponies at the point. New York: Scholastic.

MLA

Baglio Ben M, Copyright Paperback Collection (Library of Congress), . Ponies at the point. New York: Scholastic. 1998.

  • Place hold
  • Print
  • Cite
  • Add to your cart (remove)
  • Save record
    BIBTEX Dublin Core MARCXML MARC (non-Unicode/MARC-8) MARC (Unicode/UTF-8) MARC (Unicode/UTF-8, Standard) MODS (XML) RIS
  • More searches
    Search for this title in:
    Other Libraries (WorldCat) Other Databases (Google Scholar) Online Stores (Bookfinder.com) Open Library (openlibrary.org)

Exporting to Dublin Core...

SOUTHVILLE LIBRARY

Southville International School and Colleges Library

1281 Tropical Ave. Cor. Luxembourg St., BF Homes International, Las Pinas City

Tel. No. 8256374 / 252358 Loc. 117/146

Powered by Koha